E-Business 2 -0 Readmap For Service (Record no. 111452)

MARC details
000 -LEADER
fixed length control field 00321pam a2200133 a 4500
020 ## - INTERNATIONAL STANDARD BOOK NUMBER
Terms of availability
041 ## - LANGUAGE CODE
Language code of original
082 ## - DEWEY DECIMAL CLASSIFICATION NUMBER
Classification number 381.142
Item number KAH
100 ## - MAIN ENTRY--PERSONAL NAME
Personal name Kahkota, R
245 ## - TITLE STATEMENT
Title E-Business 2 -0 Readmap For Service
Medium Textual Documents
260 ## - PUBLICATION, DISTRIBUTION, ETC.
Place of publication, distribution, etc. New Delhi
Name of publisher, distributor, etc. Pearson Education [Addison Wesley]
300 ## - PHYSICAL DESCRIPTION
Extent 520
930 ## - EQUIVALENCE OR CROSS-REFERENCE-UNIFORM TITLE HEADING [LOCAL, CANADA]
Uniform title 4622
Holdings
Withdrawn status Lost status Damaged status Not for loan Collection Home library Current library Shelving location Date acquired Source of acquisition Cost, normal purchase price Total Checkouts Full call number Barcode Date last seen Date last checked out Copy number Price effective from Koha item type
          Abhijit Kadam Institute of Management & Social Science, Solapur Abhijit Kadam Institute of Management & Social Science, Solapur   16/11/2004 Mahaveer General Store 325.00 1 381.142 KAH AKS-M-05600 07/04/2026 28/03/2026 2 01/03/2023 Book
          Abhijit Kadam Institute of Management & Social Science, Solapur Abhijit Kadam Institute of Management & Social Science, Solapur   16/11/2004 Mahaveer General Store 325.00   381.142 KAH AKS-M-05599 01/03/2023   1 01/03/2023 Book